000
00299nam a22001337a 4500
003
OSt
005
20231128132651.0
008
231128b |||||||| |||| 00| 0 eng d
040
_c
CO-JMCR
082
_a
C /
_b
ZOHm
100
_a
ho-ang, Zo,
_9
42988
245
_a
Mi nombre es hoy /
942
_2
ddc
_c
BK
999
_c
30400
_d
16784